00714nam a2200169Ia 4500008004100000020002200041050002200063100002200085245013100107260002800238300003100266500005300297504005700350600007800407650005000485700000900535120626s9999 xx 000 0 und d a978-84-252-2217-7 aNK2116 T6718 2008 aTornquist, Jorrit aColor y luz : teoría y práctica / Jorrit Tornquist ; traducción de Rosa María Oyarbide Izquierdo y Raffaello Ducceschi aEspaña : Gustavo Gili a319 p. : il. col. ; 25 cm. aTraducción de: Colore e luce. Teoria e pratica aIncluye referencias bibliográficas (p. [313]-318). aI. Oyarbide Izquierdo, Rosa María tr. II. Ducceschi, Raffaello tr.  a1. Color en el arte. 2. Color. 3. Luz.  a Ì